Veda ľudu

Bibliographic Details
Format: Journal
Language:Slovak
PhysicalDescription:zv.
Published: Martin Osveta 1953-1957
Subjects:

MARC

LEADER 00000cas a2200000 a 4500
001 vtls001467111
003 SK-MaSNL
005 20260228160845.0
008 040128d19531957xo wr|p 0 0b0slo
035 |a SNK000422416 
040 |a SNK  |b slo  |c SNK  |e AACR2 
041 0 |a slo 
044 |a xo  |c SK 
072 7 |a 32  |x Politika  |2 konspekt 
080 |a 32  |2 2011 
080 |a 32.019.5  |2 2011 
080 |a 050  |2 2001 
245 0 0 |a Veda ľudu 
260 |a Martin  |b Osveta  |c 1953-1957 
300 |a zv. 
310 |a 1x týždenne 
362 0 |a Roč. 1, č. 1 (1953)-roč. 5, č. 52 (1957) 
650 0 7 |a politika  |2 SNKPH  |9 968 
650 0 7 |a propaganda  |2 SNKPH  |9 3961 
655 7 |a časopisy  |2 SNKPH  |9 76610 
850 |a Slovenská národná knižnica v Martine 
910 |a snk 
999 |c 3780  |d 5710 
952 |0 0  |1 0  |4 0  |7 0  |8 5  |a SNK  |b SNK  |d 2004-01-28  |i snkF 2018/79  |l 0  |o snkČSD 1048/2/1954  |p 17A0409633  |r 2005-01-02 00:00:00  |w 2026-02-21  |y PREZ 
952 |0 0  |1 0  |4 0  |7 0  |8 5  |a SNK  |b SNK  |d 2007-02-08  |i snkF 1915/89  |l 0  |o snkČSD 1048/4/1956 D1  |p 17A0532176  |r 2026-02-21 20:15:55  |t č. 1-52  |w 2026-02-21  |y PREZ